Le latin dans la langue française - Statistiques

Statistiques générales
  • Ce quiz a été pris 193 fois
  • Le résultat moyen est 24 sur 60
Statistiques - réponses
Définitions mot ou expression latine % Correct
bonjour, salut ave
74%
notez bien nota bene
74%
Quand la langue fourche et que l´on dit un mot pour un autre, c´est un lapsus
71%
un autre soi-même alter ego
70%
la même chose , de même idem
66%
sur le verre - fécondation in ... in vitro
66%
à la ligne suivante , un ... alinea
60%
je pense donc je suis cogito ergo sum
58%
et tous les autres et cetera
58%
ailleurs, absent, - quelqu'un peut témoigner, j'ai un ... alibi
55%
personne non souhaitée persona non grata
54%
deux fois, une seconde fois, encore bis
52%
en gros, approximativement grosso modo
50%
sans se faire connaître, sans révéler sa véritable identité incognito
50%
place publique forum
46%
le plus haut prix, degré, point maximum
46%
je m’y oppose veto
46%
A l´aide de la force armée manu militari
45%
le plus bas prix, le plus petit des plus petits - le .... vieillesse minimum
45%
manière d'opérer, mode d'emploi modus operandi
45%
examen fait après la mort post mortem
45%
qualifie une condition ´sans laquelle rien n´est possible´ sine qua non
43%
faire mourir, envoyer ... ad patres
42%
dans la ville, intérieurement intra muros
42%
au sens strict stricto sensu
42%
dès le commencement,à première vue a priori
41%
voici l'homme ecce homo
41%
gracieusement,gratuit gratis
40%
hors des murs , hors de la ville extra muros
39%
sur le vivant in vivo
39%
doucement, pas si vite piano
39%
le plus haut, le plus élevé, le top summum
39%
vite presto
37%
chemin de vie curriculum vitae
36%
souviens-toi ; un souvenir memento
36%
je vois video
35%
l'apparence, ce qui orne, le décor decorum
34%
à proportion, au ... prorata
34%
fautes à coriger errata
33%
ce qu’il y a de mieux, le plus haut nec plus ultra
33%
prendre une chose pour une autre quiproquo
32%
avec opiniâtreté , soutenir ... mordicus
29%
rien ne bouge, c'est le ... statu quo
29%
dernier mot, décision ou ordre irrévocable,menace ultimatum
27%
un petit livre d'ordre agenda
26%
´Sans fixer de date précise´ sine die
26%
reproduction exacte fac simile
25%
jusqu'à ce que (je) sois pleinement satisfait ad libitum
24%
entretien secret, particulier a parte
24%
offrande après un naufrage ex voto
24%
désir,envie,pulsion libido
24%
personne dont on ignore le nom ou qu’on ne veut pas nommer quidam
24%
au dernier moment in fine
23%
un reçu de compte recepisse
23%
en attendant ; provisoire, temporaire interim
22%
tout-à-tour, mutuellement vice versa
21%
par le fait lui-même, par une conséquence obligée ; automatiquement ipso facto
20%
obstacle majeur hic
19%
prière angelus
17%
dire de même chorus
16%
Aucun quiz correspondant
Distribution des résultats
% des personnes avec chaque résultat
Percentile par nombre de réponses
Votre historique - résultats
Vous n’avez pas pris ce quiz